000 00685nam a2200205Ia 4500
003 GCL
008 140319s9999 xx 000 0 ara d
040 _aGCL /
_cGCL
082 0 4 _a843.01
_bهـ ب
100 1 _aهوجو، فيكتور
245 1 0 _aبلاغة الغرب : احاسن المحاسن وغرر الدرر من قريض الغرب ونثرة /
_cهوجو، فيكتور
700 1 _aمحمد كمال حجاج
700 1 _aلامارتين، الفونس دو
300 _a201 ص
490 _a
650 0 4 _aالقصص الفرنسية
650 0 4 _aالادب الفرنسى المترجم
650 0 4 _aالادباء الفرنسيون
942 _2ddc
_cBK
999 _c43768
_d43768